Gandhi : the screenplay /
Сохранить в:
| Главный автор: | |
|---|---|
| Формат: | Неизвестно |
| Язык: | English |
| Опубликовано: |
New York :
Grove,
1983.
|
| Серии: | (An Evergreen book ;
856) |
| Предметы: | |
| Метки: |
Добавить метку
Нет меток, Требуется 1-ая метка записи!
|
MARC
| LEADER | 000000000a22000000004500 | ||
|---|---|---|---|
| 001 | 002654 | ||
| 020 | |a 0394624718 | ||
| 041 | 0 | |a eng | |
| 082 | 0 | 4 | |a 800B |c G195b |
| 100 | 1 | |a Briley, John | |
| 245 | 1 | 0 | |a Gandhi : |b the screenplay / |c John Briley. |
| 260 | 1 | |a New York : |b Grove, |c 1983. | |
| 300 | |a 181 páginas, 8 páginas de láminas. : |b ilustraciones | ||
| 490 | 1 | |a (An Evergreen book ; |v 856) | |
| 500 | |a Primera publicación: London : Duckworth, 1982 | ||
| 650 | 4 | |a GANDHI (CINE) | |
| 650 | 4 | |a GANDHI, MAHATMA, 1869-1948 | |
| 999 | |c 9028 |d 9028 | ||
| 942 | |c BK |h 800B |2 z | ||



